[Event "Troisdorf op"]
[Site "Troisdorf"]
[Date "2006.11.28"]
[Round "6"]
[White "Herppich, Gunnar"]
[Black "Bonus, Jonas"]
[Result "0-1"]
[WhiteElo "868"]
[BlackElo "1176"]
[PlyCount "64"]
[EventDate "2006.10.24"]
[EventType "swiss"]
[EventRounds "7"]
[EventCountry "GER"]
[SourceTitle "EXT 2011"]
[Source "ChessBase"]
[SourceDate "2010.11.26"]
[SourceVersion "1"]
[SourceVersionDate "2010.11.26"]
[SourceQuality "1"]

1. e4 e5 2. Nf3 Nc6 3. Nc3 Bc5 4. Be2 Nf6 5. 0-0 d5 6. exd5 Nxd5 7. Na4 Qd6 8. d3 f5 9. a3 0-0 10. b4 Bd4 11. Nxd4 Nxd4 12. c4 Nxe2+ 13. Qxe2 Nf6 14. Rd1 Re8 15. Bb2 Bd7 16. c5 Qe6 17. Nc3 Re7 18. f3 Rae8 19. h3 h5 20. a4 Qb3 21. Nb5 Bxb5 22. axb5 Qxb4 23. Rxa7 Qxc5+ 24. d4 Qxa7 25. Qc4+ Kh7 26. Kh2 e4 27. fxe4 Nxe4 28. d5 c6 29. Ra1 Qb8+ 30. Kh1 g5 31. dxc6 Nd2 32. Qd5 Re1+ 0-1

[Event "Troisdorf op"]
[Site "Troisdorf"]
[Date "2006.11.07"]
[Round "3"]
[White "Schlueter, Juergen"]
[Black "Herppich, Gunnar"]
[Result "0-1"]
[WhiteElo "1452"]
[BlackElo "868"]
[PlyCount "98"]
[EventDate "2006.10.24"]
[EventType "swiss"]
[EventRounds "7"]
[EventCountry "GER"]
[SourceTitle "EXT 2011"]
[Source "ChessBase"]
[SourceDate "2010.11.26"]
[SourceVersion "1"]
[SourceVersionDate "2010.11.26"]
[SourceQuality "1"]

1. d4 d5 2. c4 c6 3. Nf3 Nf6 4. Nc3 g6 5. e3 Bg7 6. Bd3 0-0 7. h3 Re8 8. 0-0 Nbd7 9. cxd5 cxd5 10. Bd2 e5 11. dxe5 Nxe5 12. Be2 Bf5 13. Nd4 Be4 14. Nxe4 dxe4 15. Rc1 Qb6 16. Nb5 Nd5 17. Nc3 Rad8 18. Qe1 Qxb2 19. Rb1 Qa3 20. Rb3 Qe7 21. Nxe4 Nc6 22. Qb1 b6 23. Bc3 Qxe4 24. Qxe4 Rxe4 25. Bxg7 Kxg7 26. Bf3 Re6 27. Rd1 Nf6 28. Rc1 Ne5 29. Rc7 a5 30. Rb7 Nxf3+ 31. gxf3 Nd7 32. Rd3 Nc5 33. Rxd8 Nxb7 34. Rd7 Nc5 35. Rd2 b5 36. Rd5 Rc6 37. h4 h5 38. Kg2 b4 39. Kg3 a4 40. Kf4 Ne6+ 41. Ke4 f5+ 42. Kd3 Rc3+ 43. Kd2 f4 44. e4 Rxf3 45. Ke2 Rh3 46. Rd6 Nc5 47. Rd4 Ra3 48. Rxb4 Rxa2+ 49. Kf3 Nd3 0-1